A kínai jog fejlődése a "Nagy Nyitás" után

Elmentve itt :
Bibliográfiai részletek
Szerző: Leloczky Kálmán
Testületi szerző: Hová vezet a selyemút? (2006) (Szeged)
Dokumentumtípus: Könyv része
Megjelent: 2007
Sorozat:Szakkollégiumi füzetek 4
Hová vezet a selyemút? : konferenciakötet 4
Kulcsszavak:Jogtudomány - Kína
Tárgyszavak:
Online Access:http://acta.bibl.u-szeged.hu/5568
LEADER 00794naa a2200229 i 4500
001 acta5568
005 20220121082723.0
008 161015s2007 hu o 0|| hun d
022 |a 1586-8036 
040 |a SZTE Egyetemi Kiadványok Repozitórium  |b hun 
041 |a hun 
100 1 |a Leloczky Kálmán 
245 1 2 |a A kínai jog fejlődése a "Nagy Nyitás" után  |h [elektronikus dokumentum] /  |c  Leloczky Kálmán 
260 |c 2007 
300 |a 61-68 
490 0 |a Szakkollégiumi füzetek  |v 4 
490 0 |a Hová vezet a selyemút? : konferenciakötet  |v 4 
650 4 |a Társadalomtudományok 
650 4 |a Jogtudomány 
695 |a Jogtudomány - Kína 
710 |a Hová vezet a selyemút? (2006) (Szeged) 
856 4 0 |u http://acta.bibl.u-szeged.hu/5568/1/szakkol_004_061-068.pdf  |z Dokumentum-elérés